MARC

LEADER 00000nam0a2200000 4500
001 157070
005 20231031153503.0
035 |a (RuTPU)RU\TPU\book\170354 
090 |a 157070 
100 |a 20090403d1954 m y0rusy50 ca 
101 0 |a rus 
102 |a RU 
105 |a a j 001zy 
200 1 |a Основы горного дела и шахтной добычи нефти  |e учебное пособие для вузов  |f С. Л. Закс 
210 |a Москва  |c Гостоптехиздат  |d 1954  |a Ленинград 
215 |a 359 с.  |c ил. 
320 |a Библиогр.: с. 353. 
610 1 |a горное дело 
610 1 |a нефть 
610 1 |a добыча 
610 1 |a учебные пособия 
610 1 |a горные выработки 
610 1 |a горные машины 
610 1 |a буровзрывные работы 
610 1 |a вертикальные выработки 
610 1 |a проходка 
610 1 |a крепление 
610 1 |a вскрытие 
610 1 |a нефтеносные породы 
610 1 |a шахтный транспорт 
610 1 |a водоотлив 
610 1 |a проветривание 
610 1 |a освещение 
610 1 |a шахтные пожары 
610 1 |a горноспасательное дело 
610 1 |a геологическое проектирование 
675 |a 622.323  |v 3 
700 1 |a Закс  |b С. Л. 
801 1 |a RU  |b 63413507  |c 20090403  |g PSBO 
801 2 |a RU  |b 63413507  |c 20100916  |g RCR 
942 |c BK